[Event "Robecchetto op-C 25th"]
[Site "Robecchetto"]
[Date "2014.12.28"]
[Round "4"]
[White "Bonuglia, Gabriele"]
[Black "Monzeglio, Graziella"]
[Result "0-1"]
[WhiteElo "1428"]
[BlackElo "1224"]
[PlyCount "114"]
[EventDate "2014.12.26"]
[EventType "swiss"]
[EventRounds "6"]
[EventCountry "ITA"]
[SourceTitle "EXT 2024"]
[Source "ChessBase"]
[SourceDate "2023.10.10"]
[SourceVersion "1"]
[SourceVersionDate "2023.10.10"]
[SourceQuality "1"]

1. e4 d5 2. exd5 Qxd5 3. Nc3 Qe5+ 4. Be2 c6 5. Nf3 Qc7 6. 0-0 Bf5 7. d4 e6 8. Nh4 Ne7 9. Nxf5 Nxf5 10. Re1 Bd6 11. h3 0-0 12. Bg4 Nd7 13. Bxf5 exf5 14. d5 Ne5 15. Bf4 Rad8 16. Bxe5 Bxe5 17. Qf3 Bxc3 18. Qxc3 Rxd5 19. Rad1 Rxd1 20. Rxd1 h6 21. b4 Rd8 22. Rxd8+ Qxd8 23. Qc5 Qb6 24. Qxb6 axb6 25. Kf1 Kf8 26. Ke2 Ke7 27. Ke3 g5 28. f4 f6 29. a4 Kd6 30. fxg5 fxg5 31. Kd4 c5+ 32. Kc4 cxb4 33. Kxb4 Kc6 34. c4 h5 35. Kc3 Kc5 36. g3 f4 37. gxf4 gxf4 38. Kd3 Kb4 39. Ke4 Kxa4 40. Kxf4 Kb4 41. Kg5 Kxc4 42. Kxh5 b5 43. Kg5 b4 44. h4 b3 45. h5 b2 46. h6 b1Q 47. Kf6 Qb6+ 48. Kg7 Qd4+ 49. Kg8 Qd5+ 50. Kh8 Kd4 51. h7 Ke5 52. Kg7 Qd7+ 53. Kg8 Qe6+ 54. Kg7 Qf6+ 55. Kg8 b5 56. h8Q Qxh8+ 57. Kxh8 b4 0-1

[Event "Lugano op"]
[Site "Lugano"]
[Date "2014.11.09"]
[Round "4"]
[White "Monzeglio, Graziella"]
[Black "Piacentino, Vittorio"]
[Result "0-1"]
[WhiteElo "1229"]
[BlackElo "1705"]
[PlyCount "38"]
[EventDate "2014.11.07"]
[EventType "swiss"]
[EventRounds "5"]
[EventCountry "SUI"]
[SourceTitle "EXT 2015"]
[Source "ChessBase"]
[SourceDate "2014.11.20"]
[SourceVersion "1"]
[SourceVersionDate "2014.11.20"]
[SourceQuality "1"]

1. d4 d5 2. Nf3 Nc6 3. e3 e6 4. Bd3 Nb4 5. 0-0 Nxd3 6. Qxd3 Bd6 7. Re1 f5 8. Nbd2 Nf6 9. b3 0-0 10. Bb2 b6 11. c4 c6 12. cxd5 cxd5 13. Rac1 Bb7 14. Ng5 Bxh2+ 15. Kf1 Ne4 16. Nxe6 Qh4 17. Nxe4 fxe4 18. Qe2 Ba6 19. g3 Qh3# 0-1

[Event "Lugano op"]
[Site "Lugano"]
[Date "2014.11.08"]
[Round "3"]
[White "Gardini, Enrico"]
[Black "Monzeglio, Graziella"]
[Result "1-0"]
[WhiteElo "1839"]
[BlackElo "1229"]
[PlyCount "44"]
[EventDate "2014.11.07"]
[EventType "swiss"]
[EventRounds "5"]
[EventCountry "SUI"]
[SourceTitle "EXT 2015"]
[Source "ChessBase"]
[SourceDate "2014.11.20"]
[SourceVersion "1"]
[SourceVersionDate "2014.11.20"]
[SourceQuality "1"]

1. c4 c5 2. Nc3 Nf6 3. g3 Nc6 4. Bg2 d6 5. Nf3 Bf5 6. Nh4 Bd7 7. 0-0 e5 8. d3 Be7 9. Nf3 0-0 10. Ne1 Be6 11. f4 d5 12. f5 d4 13. Ne4 Bd7 14. Nxf6+ Bxf6 15. e4 a6 16. Nf3 h6 17. h4 g5 18. hxg5 Bxg5 19. Nxg5 hxg5 20. Qh5 f6 21. Qg6+ Kh8 22. Kf2 Nb4 1-0

[Event "ITA-ch Lombardia Region Seniors"]
[Site "Castione della Presolana"]
[Date "2014.07.05"]
[Round "6"]
[White "Alessandro, Sergio"]
[Black "Monzeglio, Graziella"]
[Result "1-0"]
[WhiteElo "1635"]
[BlackElo "1277"]
[PlyCount "39"]
[EventDate "2014.06.30"]
[EventType "swiss"]
[EventRounds "6"]
[EventCountry "ITA"]
[SourceTitle "EXT 2024"]
[Source "ChessBase"]
[SourceDate "2023.10.10"]
[SourceVersion "1"]
[SourceVersionDate "2023.10.10"]
[SourceQuality "1"]

1. b4 b6 2. Bb2 Bb7 3. e3 Nf6 4. Nf3 e6 5. b5 d5 6. Be2 Bd6 7. 0-0 0-0 8. c4 dxc4 9. Bxc4 Bd5 10. Be2 a6 11. a4 c6 12. Nc3 Re8 13. Qc2 axb5 14. axb5 Rxa1 15. Bxa1 Qc8 16. e4 Ng4 17. g3 cxb5 18. exd5 b4 19. Qa4 Nd7 20. Nb5 1-0

[Event "ITA-ch Lombardia Region Seniors"]
[Site "Castione della Presolana"]
[Date "2014.07.04"]
[Round "5"]
[White "Monzeglio, Graziella"]
[Black "Savoldelli, Dario"]
[Result "0-1"]
[WhiteElo "1277"]
[BlackElo "1815"]
[PlyCount "42"]
[EventDate "2014.06.30"]
[EventType "swiss"]
[EventRounds "6"]
[EventCountry "ITA"]
[SourceTitle "EXT 2024"]
[Source "ChessBase"]
[SourceDate "2023.10.10"]
[SourceVersion "1"]
[SourceVersionDate "2023.10.10"]
[SourceQuality "1"]

1. d4 Nf6 2. Nf3 g6 3. e3 Bg7 4. Bd3 d6 5. 0-0 0-0 6. Nbd2 Nbd7 7. Re1 c6 8. e4 e5 9. c3 Qc7 10. h3 Re8 11. Nc4 b5 12. Ne3 exd4 13. cxd4 Nxe4 14. Bxe4 Rxe4 15. Ng4 Rxe1+ 16. Qxe1 Qd8 17. Nh6+ Bxh6 18. Bxh6 Nf8 19. Qe3 Be6 20. Re1 Bd5 21. Ne5 dxe5 0-1

[Event "Condino op 11th"]
[Site "Condino"]
[Date "2011.07.27"]
[Round "5"]
[White "Monzeglio, Graziella"]
[Black "Paragliola, Gennaro"]
[Result "0-1"]
[WhiteElo "1486"]
[BlackElo "1583"]
[PlyCount "40"]
[EventDate "2011.07.25"]
[EventType "swiss"]
[EventRounds "7"]
[EventCountry "ITA"]
[SourceTitle "EXT 2012"]
[Source "ChessBase"]
[SourceDate "2011.11.24"]
[SourceVersion "1"]
[SourceVersionDate "2011.11.24"]
[SourceQuality "1"]

1. d4 Nf6 2. Nf3 g6 3. e3 Bg7 4. Bd3 0-0 5. c3 d5 6. 0-0 Nc6 7. Nbd2 Re8 8. Re1 e5 9. e4 dxe4 10. Bxe4 Nxe4 11. Nxe4 Bg4 12. h3 Bxf3 13. Qxf3 exd4 14. Bg5 Qc8 15. Nf6+ Bxf6 16. Qxf6 Rxe1+ 17. Rxe1 Qf5 18. Re8+ Rxe8 19. g4 Qxf6 20. Bxf6 d3 0-1

[Event "Condino op 11th"]
[Site "Condino"]
[Date "2011.07.26"]
[Round "3"]
[White "Cesati Cassin, Giorgio"]
[Black "Monzeglio, Graziella"]
[Result "1-0"]
[WhiteElo "1585"]
[BlackElo "1486"]
[PlyCount "89"]
[EventDate "2011.07.25"]
[EventType "swiss"]
[EventRounds "7"]
[EventCountry "ITA"]
[SourceTitle "EXT 2012"]
[Source "ChessBase"]
[SourceDate "2011.11.24"]
[SourceVersion "1"]
[SourceVersionDate "2011.11.24"]
[SourceQuality "1"]

1. e4 d5 2. exd5 Qxd5 3. Nc3 Qe5+ 4. Be2 c6 5. d4 Qc7 6. Be3 e6 7. Nf3 Nf6 8. h3 Nbd7 9. Qd2 Bb4 10. a3 Bxc3 11. bxc3 0-0 12. Bd3 Nd5 13. Ng5 N7f6 14. Ne4 Nxe4 15. Bxe4 Nxe3 16. Qxe3 f5 17. Bd3 Qa5 18. Qd2 e5 19. c4 Qxd2+ 20. Kxd2 exd4 21. Rhe1 a6 22. Re7 Rf7 23. Re8+ Rf8 24. Rae1 Bd7 25. R8e7 Rad8 26. c5 Kh8 27. Bc4 Rfe8 28. Kd3 Rxe7 29. Rxe7 Re8 30. Rxd7 g6 31. Rxb7 Re1 32. Kxd4 Re4+ 33. Kd3 g5 34. Rb8+ Kg7 35. Rg8+ Kf6 36. Rf8+ Ke5 37. Re8+ Kf4 38. Rxe4+ fxe4+ 39. Ke2 a5 40. Ba6 Ke5 41. Ke3 Kd5 42. c4+ Kxc5 43. Kxe4 Kd6 44. Kf5 h6 45. Kg6 1-0

[Event "Biella op 1st"]
[Site "Biella"]
[Date "2010.09.25"]
[Round "2"]
[White "Avetta, Gianmario"]
[Black "Monzeglio, Graziella"]
[Result "1-0"]
[WhiteElo "1718"]
[BlackElo "1218"]
[PlyCount "46"]
[EventDate "2010.09.24"]
[EventType "swiss"]
[EventRounds "5"]
[EventCountry "ITA"]
[SourceTitle "EXT 2024"]
[Source "ChessBase"]
[SourceDate "2023.10.10"]
[SourceVersion "1"]
[SourceVersionDate "2023.10.10"]
[SourceQuality "1"]

1. d4 f5 2. c4 Nf6 3. Nc3 e6 4. g3 Be7 5. Bg2 0-0 6. e3 c6 7. Qb3 d5 8. Nge2 Na6 9. 0-0 Rb8 10. Bd2 c5 11. cxd5 Nxd5 12. Nxd5 exd5 13. Bxd5+ Kh8 14. Rac1 b6 15. Bc3 Nc7 16. Bc4 Bb7 17. dxc5 Bxc5 18. Rfd1 Qg5 19. Rd7 Ne8 20. Nf4 Bd6 21. Ne6 Qg4 22. Nxf8 Nf6 23. Bxf6 gxf6 1-0

[Event "ITA-ch (Women)"]
[Site "Bratto"]
[Date "2008.08.28"]
[Round "7"]
[White "Monzeglio, Graziella"]
[Black "Leone, Clarissa"]
[Result "0-1"]
[WhiteElo "1460"]
[BlackElo "1793"]
[PlyCount "64"]
[EventDate "2008.08.22"]
[EventType "swiss"]
[EventRounds "9"]
[EventCountry "ITA"]
[SourceTitle "CBM 126 Extra"]
[Source "ChessBase"]
[SourceDate "2008.11.05"]
[SourceVersion "1"]
[SourceVersionDate "2008.11.05"]
[SourceQuality "1"]

1. e4 e5 2. Nf3 Nc6 3. Bb5 a6 4. Ba4 Nf6 5. Nc3 b5 6. Bb3 h6 7. 0-0 d6 8. Re1 Bg4 9. h3 Bh5 10. d3 Be7 11. Bd2 0-0 12. Nd5 Nd4 13. Nxf6+ Bxf6 14. g4 Bg6 15. Nxd4 exd4 16. Bd5 Rb8 17. Qc1 Bh4 18. Rf1 Kh7 19. Bf4 Qd7 20. Bg3 Be7 21. f4 f6 22. f5 Bf7 23. Bxf7 Rxf7 24. Qd2 Rh8 25. Bf4 Kg8 26. Qg2 g5 27. Bd2 h5 28. h4 hxg4 29. hxg5 fxg5 30. Qxg4 d5 31. Bxg5 Bxg5 32. Qxg5+ Rg7 0-1

[Event "ITA-ch (Women)"]
[Site "Bratto"]
[Date "2008.08.27"]
[Round "6"]
[White "Monticone, Sonia"]
[Black "Monzeglio, Graziella"]
[Result "1-0"]
[WhiteElo "1787"]
[BlackElo "1460"]
[PlyCount "63"]
[EventDate "2008.08.22"]
[EventType "swiss"]
[EventRounds "9"]
[EventCountry "ITA"]
[SourceTitle "CBM 126 Extra"]
[Source "ChessBase"]
[SourceDate "2008.11.05"]
[SourceVersion "1"]
[SourceVersionDate "2008.11.05"]
[SourceQuality "1"]

1. c4 c5 2. Nc3 Nf6 3. e4 e6 4. d4 cxd4 5. Qxd4 Nc6 6. Qd1 Be7 7. Nf3 0-0 8. Be2 d6 9. 0-0 e5 10. Qc2 Nd4 11. Nxd4 exd4 12. Nb5 a6 13. Nxd4 Bd7 14. Bf4 Rc8 15. Qd3 g6 16. Nb3 Bc6 17. f3 Nh5 18. Bh6 Ng7 19. Rad1 g5 20. f4 f6 21. Bg4 Bd7 22. Bxd7 Qxd7 23. c5 Rc6 24. e5 fxe5 25. fxe5 Rxf1+ 26. Kxf1 Qe6 27. Bxg7 Kxg7 28. cxd6 Qf7+ 29. Kg1 Bd8 30. Rf1 Bb6+ 31. Kh1 Rc2 32. Rxf7+ 1-0

[Event "ITA-ch (Women)"]
[Site "Bratto"]
[Date "2008.08.24"]
[Round "3"]
[White "Brunello, Roberta"]
[Black "Monzeglio, Graziella"]
[Result "1-0"]
[WhiteElo "1939"]
[BlackElo "1460"]
[PlyCount "41"]
[EventDate "2008.08.22"]
[EventType "swiss"]
[EventRounds "9"]
[EventCountry "ITA"]
[SourceTitle "CBM 126 Extra"]
[Source "ChessBase"]
[SourceDate "2008.11.05"]
[SourceVersion "1"]
[SourceVersionDate "2008.11.05"]
[SourceQuality "1"]

1. e4 e5 2. Nf3 Nc6 3. d4 d6 4. dxe5 dxe5 5. Qxd8+ Nxd8 6. Nxe5 Bd6 7. Nc4 Nf6 8. e5 Bb4+ 9. c3 Nd5 10. cxb4 Nxb4 11. Nba3 Bf5 12. Bd2 Ndc6 13. Bxb4 Nxb4 14. Ne3 Bd3 15. Bxd3 Nxd3+ 16. Ke2 Nxe5 17. Rhd1 0-0 18. Rac1 Nc6 19. Nb5 Rfd8 20. Nxc7 Nd4+ 21. Rxd4 1-0